Sensores sensibles a la presion propiedades ekectricas y morfologicas / Ma. Concepcion Arenas Arrocena (Registro nro. 16611)
[ vista simple ]
| 000 -LÍDER | |
|---|---|
| fixed length control field | 00556nam a2200133 4500 |
| 008 - ELEMENTOS DE LONGITUD FIJA -- INFORMACIÓN GENERAL | |
| fixed length control field | 0 2000 0a 000 0MEX |
| 050 ## - SIGNATURA TOPOGRAFICA DE LA BIBLIOTECA DEL CONGRESO (LC) | |
| Número de Clasificación | TP155 T4 A681 2000 |
| 082 ## - NUMERO DE CLASIFICACION DECIMAL DEWEY | |
| Número de Clasificación | 620.112.97 A681s |
| 100 ## - ASIENTO PRINCIPAL--NOMBRE PERSONAL | |
| Nombre personal | Arenas Arrocena, Ma. Concepcion |
| 245 ## - TÍTULO | |
| Título | Sensores sensibles a la presion propiedades ekectricas y morfologicas / Ma. Concepcion Arenas Arrocena |
| 300 ## - DESCRIPCIÓN FÍSICA | |
| Extensión | 66 p. / 21 cm. |
| 502 ## - NOTA DE TESIS | |
| Nota de tesis | Tesis. Opción I. I.T. Z. (Química) Ing. Rodolfo López Bailón |
| 650 ## - ASIENTO SECUNDARIO DE MATERIA - TERMINO TEMÁTICO | |
| Término temático o nombre geográfico como elemento de entrada | 1.MATERIALES COMPUESTOS \ 2.TIPO DE FIBRAS UTILIZADAS EN MATERIALES COMPUESTOS |
| No. biblioteca | No. biblioteca | Número de clasificación | Código de barras/Número de adquisición | Número de copia | Tipo de material |
|---|---|---|---|---|---|
| TESIS QUÍMICA | TESIS QUÍMICA | 620.112.97 A681s | Q52-2000 | 1 | Tesis |
